| 000 | 00413nam a22001577a 4500 | ||
|---|---|---|---|
| 005 | 20260428103653.0 | ||
| 008 | 260428b |||||||| |||| 00| 0 eng d | ||
| 020 | _a9781293772 | ||
| 050 |
_aPR9387.9 _b.I43 |
||
| 100 | _aChukwuemeka Ike | ||
| 245 | _aThe Search | ||
| 260 |
_aIbadan _bHEBN Publishers Plc _c1991 |
||
| 300 | _aiv, 238p. | ||
| 650 |
_aEnglish Literature _vAfrican literature in English |
||
| 942 | _cBK | ||
| 999 |
_c4720 _d4720 |
||